000 01248nam0a22002771 4500
001 rc\515291
005 20260407130247.0
035 _a(NLR Aleph) 008766966
090 _a7900152
_c7900152
100 _a20030616d1988 |||y0rusy50 ca
101 0 _arus
102 _aRU
105 _ay |||||||||
200 1 _aБиблиографический указатель научной литературы по проблемам изучения общественного мнения и деятельности СМИ в СССР (1965-1988 гг.)
_fАН СССР, Ин-т социологии
_g[Сост.: к. филос. н. Е. Башкирова и др.
_gРедкол.: д. филос. н. Е.Г. Андрющенко (отв. ред.) и др.]
210 _aМ.
_cИС
_d1988
215 _a68 с.
_d20
702 1 _aБашкирова
_bЕ.И.
_gЕлена И.
_4220
702 1 _aАндрющенко
_bВ.Б.
_gЕвгений Григорьевич
_4340
712 0 2 _4570
_aИнститут социологии
_cМосква
_9446621
_3RU\NLR\AUTH\889974822
801 0 _aRU
_bNLR
_gpsbo
801 1 _aRU
_bELAR
_2rusmarc
801 2 _aRU
_bNLR
_c20030801
_2rusmarc
852 _aNLR
_bС
_jК-1/4587
942 _cBOOK
980 _aNB